[Event "GER-chW Blitz 2019"]
[Site "Magdeburg"]
[Date "2019.05.25"]
[Round "1.9"]
[White "Fuchs, Judith"]
[Black "Zimmer, Elke"]
[Result "0-1"]
[WhiteElo "2218"]
[BlackElo "1926"]
[Annotator "RC"]
[PlyCount "130"]
[EventDate "2019.05.25"]
[EventType "tourn"]
[EventCountry "GER"]
[SourceTitle "playchess.com"]
[Source "ChessBase"]
[SourceQuality "1"]
[TimeControl "180+2"]

1. d4 {[%emt 0:00:00]} d5 {[%emt 0:00:00]} 2. Bf4 {[%emt 0:00:01]} Nf6 {[%emt 0:00:01]} 3. e3 {[%emt 0:00:01]} Bf5 {[%emt 0:00:02]} 4. Nf3 {[%emt 0:00:06]} e6 {[%emt 0:00:06]} 5. c4 {[%emt 0:00:09]} c6 {[%emt 0:00:01]} 6. Nc3 {[%emt 0:00:04]} Nbd7 {[%emt 0:00:20]} 7. Qb3 {[%emt 0:00:05]} Qb6 {[%emt 0:00:26]} 8. c5 {[%emt 0:00:02]} Qxb3 {[%emt 0:00:01]} 9. axb3 {[%emt 0:00:01]} Nh5 {[%emt 0:00:09]} 10. Bg5 {[%emt 0:00:45]} h6 {[%emt 0:00:09]} 11. Bh4 {[%emt 0:00:01]} g5 {[%emt 0:00:01]} 12. Bg3 {[%emt 0:00:01]} Nxg3 {[%emt 0:00:01]} 13. hxg3 {[%emt 0:00:01]} Bg7 {[%emt 0:00:05]} 14. b4 {[%emt 0:00:04]} a6 {[%emt 0:00:14]} 15. Nd2 {[%emt 0:00:05]} O-O {[%emt 0:00:22]} 16. Nb3 {[%emt 0:00:07]} Rab8 {[%emt 0:00:07]} 17. Kd2 {[%emt 0:00:16]} e5 {[%emt 0:00:03]} 18. Na4 {[%emt 0:00:08]} Rfe8 {[%emt 0:00:09]} 19. Be2 {[%emt 0:00:16]} Bg6 {[%emt 0:00:13]} 20. Bg4 {[%emt 0:00:19]} f5 {[%emt 0:00:01]} 21. Bh5 {[%emt 0:00:01]} Bxh5 {[%emt 0:00:02]} 22. Rxh5 {[%emt 0:00:01]} Nf6 {[%emt 0:00:12]} 23. Rhh1 {[%emt 0:00:06]} Ne4+ {[%emt 0:00:01]} 24. Ke2 {[%emt 0:00:14]} exd4 {[%emt 0:00:01]} 25. Rhe1 {[%emt 0:00:34]} dxe3 {[%emt 0:00:04]} 26. fxe3 {[%emt 0:00:03]} Nxg3+ {[%emt 0:00:01]} 27. Kf3 {[%emt 0:00:01]} Ne4 {[%emt 0:00:03]} 28. Nd4 {[%emt 0:00:02]} Bxd4 {[%emt 0:00:02]} 29. exd4 {[%emt 0:00:01]} Nd2+ {[%emt 0:00:01]} 30. Kf2 {[%emt 0:00:01]} Nc4 {[%emt 0:00:06]} 31. b3 {[%emt 0:00:03]} Nd2 {[%emt 0:00:08]} 32. Ra3 {[%emt 0:00:05]} Ne4+ {[%emt 0:00:02]} 33. Kg1 {[%emt 0:00:01]} Ng3 {[%emt 0:00:06]} 34. Rd1 {[%emt 0:00:04]} Re3 {[%emt 0:00:03]} 35. Kf2 {[%emt 0:00:02]} Rbe8 {[%emt 0:00:02]} 36. Ra2 {[%emt 0:00:02]} f4 {[%emt 0:00:02]} 37. Nb6 {[%emt 0:00:01]} Ne4+ {[%emt 0:00:05]} 38. Kf1 {[%emt 0:00:00]} Nc3 {[%emt 0:00:01]} 39. Rad2 {[%emt 0:00:02]} Nxd1 {[%emt 0:00:01]} 40. Rxd1 {[%emt 0:00:01]} Rxb3 {[%emt 0:00:02]} 41. Nd7 {[%emt 0:00:00]} Kg7 {[%emt 0:00:07]} 42. Ne5 {[%emt 0:00:04]} Rxb4 {[%emt 0:00:04]} 43. Nf3 {[%emt 0:00:00]} Re3 {[%emt 0:00:03]} 44. Kf2 {[%emt 0:00:02]} Rb2+ {[%emt 0:00:00]} 45. Kf1 {[%emt 0:00:04]} Ree2 {[%emt 0:00:01]} 46. Ne1 {[%emt 0:00:01]} g4 {[%emt 0:00:05]} 47. Nd3 {[%emt 0:00:00]} Rbd2 {[%emt 0:00:04]} 48. Nxf4 {[%emt 0:00:02]} Rxd1+ {[%emt 0:00:07]} 49. Kxe2 {[%emt 0:00:01]} Ra1 {[%emt 0:00:02]} 50. Ne6+ {[%emt 0:00:03]} Kf6 {[%emt 0:00:02]} 51. Nf4 {[%emt 0:00:01]} Ra3 {[%emt 0:00:04]} 52. Nh5+ {[%emt 0:00:03]} Kg5 {[%emt 0:00:02]} 53. Ng7 {[%emt 0:00:01]} Ra2+ {[%emt 0:00:03]} 54. Kf1 {[%emt 0:00:01]} Kf4 {[%emt 0:00:02]} 55. Nh5+ {[%emt 0:00:03]} Ke3 {[%emt 0:00:05]} 56. Nf6 {[%emt 0:00:01]} g3 {[%emt 0:00:04]} 57. Ng4+ {[%emt 0:00:01]} Kxd4 {[%emt 0:00:01]} 58. Ke1 {[%emt 0:00:02]} Rxg2 {[%emt 0:00:07]} 59. Kf1 {[%emt 0:00:00]} Ra2 {[%emt 0:00:01]} 60. Nxh6 {[%emt 0:00:02]} Ke3 {[%emt 0:00:03]} 61. Nf5+ {[%emt 0:00:02]} Kf3 {[%emt 0:00:01]} 62. Nd4+ {[%emt 0:00:01]} Ke4 {[%emt 0:00:04]} 63. Ne6 {[%emt 0:00:02]} Ke3 {[%emt 0:00:03]} 64. Ng7 {[%emt 0:00:05]} Kf3 {[%emt 0:00:02]} 65. Ke1 {[%emt 0:00:05]} g2 {[%emt 0:00:04]} 0-1

[Event "GER-chW Blitz 2019"]
[Site "Magdeburg"]
[Date "2019.05.25"]
[Round "1.10"]
[White "Lubbe, Melanie"]
[Black "Mader, Lena"]
[Result "1-0"]
[WhiteElo "2278"]
[BlackElo "1839"]
[Annotator "TA"]
[PlyCount "113"]
[EventDate "2019.05.25"]
[EventType "tourn"]
[EventCountry "GER"]
[SourceTitle "playchess.com"]
[Source "ChessBase"]
[SourceQuality "1"]

{[%evp 16,125,47,3,152,37,322,303,334,250,255,237,412,408,423,357,446,435,499,529,529,525,535,521,466,417,422,417,391,406,354,334,460,443,399,289,535,539,613,562,522,561,601,544,1074,985,785,24,15,0,0,-7,0,-61,0,-36,0,0,0,-57,0,0,22,14,24,-95,0,0,0,0,0,0,0,0,8,8,19,0,0,0,0,0,0,0,8,0,29940,4586,551,0,0,0,8,8,29977,29978,29981,29977,29977,29978,29978,29979,29980,29981,29985,29982,29982,29981,29984,29980,29978,0]} 1. d4 Nf6 2. Nc3 g6 3. e4 d6 4. Nf3 Bg7 5. h3 O-O 6. Be3 e5 7. Bc4 Nc6 8. O-O a6 9. a4 Kh8 $146 {B08: Pirc Defence: Classical System} (9... Nxd4 $11 10. Nxd4 exd4 11. Bxd4 (11. Qxd4 Ng4 $11) 11... Be6) ({Predecessor:} 9... h6 10. Qd2 Kh7 11. dxe5 dxe5 12. Qxd8 Nxd8 13. Rad1 Ne6 14. Nxe5 Nxe4 15. Nxg6 fxg6 16. Nxe4 Bxb2 17. Bxe6 Bxe6 {½-½ (121) Dauletova,G (2214)-Safranska,A (2291) Al Ain 2013}) 10. Re1 (10. dxe5 $16 Ne8 11. Bg5) 10... Be6 $2 {[%mdl 8192]} ({Black should play} 10... exd4 $14 11. Nxd4 Nd7) 11. d5 $18 Na5 {White has a decisive advantage.} 12. Ba2 Bd7 13. b4 Qc8 $2 (13... b5 14. bxa5 b4) 14. bxa5 Nh5 15. Nh2 f5 16. exf5 Bxf5 17. g4 {[%mdl 64] [#] Double Attack} Nf4 18. gxf5 Nxh3+ 19. Kh1 Qxf5 20. Qg4 Nxf2+ 21. Bxf2 Qxf2 22. Ne4 Qxc2 23. Re2 Qd3 24. Rae1 {Black must now prevent Re3.} Rf4 25. Qg3 Qd4 $2 (25... Qxg3 {was necessary.} 26. Nxg3 Rxa4) 26. Nf3 Qxa4 27. Nfg5 Raf8 {[#]} 28. Qh3 $1 {[%csl Gg5][%cal Rh3h7]} h6 {If only Black now had time for ...R8f5....} 29. Ne6 {[%mdl 64] Double Attack} Rxe4 30. Rxe4 Qxa2 31. Nxg7 $2 ({White must play} 31. Nxf8 $18 Bxf8 32. Qg2 Qxg2+ 33. Kxg2) 31... Kxg7 $11 32. R4e2 Qxd5+ 33. Kg1 Qc5+ 34. Kh1 (34. Kg2 $11) 34... Qd5+ ({Black should try} 34... Qxa5 $15 35. Rc1 Rf7) 35. Kh2 Rf3 36. Qd7+ Rf7 $1 {[%cal Rf7d7]} 37. Qg4 (37. Qc8 $11) 37... h5 (37... Qxa5 $15 38. Rc1 c5) 38. Qg2 Qxa5 {Threatens to win with ...Qb4.} 39. Rg1 Rf6 {aiming for ...Qa4.} 40. Rf2 (40. Qe4 $11 {remains equal.}) 40... e4 ({Better is} 40... Qa4 $17 41. Rgf1 Qh4+ 42. Kg1 Rxf2 43. Rxf2 c6) 41. Rxf6 Qe5+ {[%mdl 64] Double Attack} 42. Kh1 Qxf6 43. Qxe4 c6 44. Re1 Kh6 45. Qe3+ Kg7 $1 46. Qe7+ (46. Kg2 {feels hotter.} Qh4 47. Qc3+ Kh7 48. Re2 Qg5+ 49. Kf1) 46... Qxe7 47. Rxe7+ {[%mdl 4096] Endgame KR-KP} Kf6 48. Rxb7 {With the idea Rb6.} Ke5 49. Kg2 d5 50. Kf3 Kd4 $2 {[%mdl 8192]} (50... c5 $11) 51. Rb6 (51. Rg7 $142 Kc5 52. Rxg6 a5 53. Ke3 a4 54. Kd3 Kb5 55. Rh6 c5 56. Rxh5 c4+ 57. Kc3) 51... c5 52. Rxa6 $2 (52. Rxg6 $18 Kd3 53. Rxa6) 52... g5 53. Rh6 g4+ 54. Ke2 c4 $2 {[%mdl 8192]} (54... Ke4 $11) 55. Rxh5 {KR-K3P. White mates.} Kc3 56. Rh4 g3 57. Rg4 {Played: Rh4-h3} 1-0

[Event "GER-chW Blitz 2019"]
[Site "Magdeburg"]
[Date "2019.05.25"]
[Round "1.11"]
[White "Ries, Jutta"]
[Black "Braje, Monika"]
[Result "1-0"]
[WhiteElo "2017"]
[BlackElo "1781"]
[Annotator "NA RC"]
[PlyCount "109"]
[EventDate "2019.05.25"]
[EventType "tourn"]
[EventCountry "GER"]
[SourceTitle "playchess.com"]
[Source "ChessBase"]
[SourceQuality "1"]
[TimeControl "180+2"]

1. f4 {[%emt 0:00:02]} d5 {[%emt 0:00:02]} 2. Nf3 {[%emt 0:00:01]} Nc6 {[%emt 0:00:02]} 3. b3 {[%emt 0:00:02]} e6 {[%emt 0:00:11]} 4. Bb2 {[%emt 0:00:01]} Nf6 {[%emt 0:00:02]} 5. e3 {[%emt 0:00:02]} Be7 {[%emt 0:00:02]} 6. a3 {[%emt 0:00:09]} Bd7 {[%emt 0:00:05]} 7. Bd3 {[%emt 0:00:02]} h6 {[%emt 0:00:08]} 8. O-O {[%emt 0:00:03]} Rg8 {[%emt 0:00:26]} 9. Ne5 {[%emt 0:00:42]} Bd6 {[%emt 0:00:18]} 10. Qf3 {[%emt 0:00:31]} Qe7 {[%emt 0:00:10]} 11. b4 {[%emt 0:00:35]} a6 {[%emt 0:00:03]} 12. c4 {[%emt 0:00:17]} dxc4 {[%emt 0:00:09]} 13. Nxc4 {[%emt 0:00:02]} Nd5 {[%emt 0:00:27]} 14. Nxd6+ {[%emt 0:00:08]} cxd6 {[%emt 0:00:29]} 15. Nc3 {[%emt 0:00:06]} Nf6 {[%emt 0:00:13]} 16. b5 {[%emt 0:00:04]} axb5 {[%emt 0:00:03]} 17. Nxb5 {[%emt 0:00:02]} Bc8 {[%emt 0:00:06]} 18. a4 {[%emt 0:00:07]} d5 {[%emt 0:00:03]} 19. Ba3 {[%emt 0:00:02]} Qd7 {[%emt 0:00:04]} 20. Rfc1 {[%emt 0:00:13]} Rxa4 {[%emt 0:00:11]} 21. Bc5 {[%emt 0:00:05]} Rxa1 {[%emt 0:00:01]} 22. Rxa1 {[%emt 0:00:01]} Ne4 {[%emt 0:00:11]} 23. Qe2 {[%emt 0:00:09]} f6 {[%emt 0:00:04]} 24. Ra8 {[%emt 0:00:02]} Kf7 {[%emt 0:00:02]} 25. Bxe4 {[%emt 0:00:02]} dxe4 {[%emt 0:00:01]} 26. Nd6+ {[%emt 0:00:01]} Kg6 {[%emt 0:00:01]} 27. Nxe4 {[%emt 0:00:03]} f5 {[%emt 0:00:03]} 28. Ng3 {[%emt 0:00:03]} Qd5 {[%emt 0:00:02]} 29. d4 {[%emt 0:00:04]} Rd8 {[%emt 0:00:11]} 30. Qh5+ {[%emt 0:00:02]} Kh7 {[%emt 0:00:01]} 31. Qh3 {[%emt 0:00:02]} Qc4 {[%emt 0:00:01]} 32. Nf1 {[%emt 0:00:01]} Qe2 {[%emt 0:00:03]} 33. Qg3 {[%emt 0:00:04]} Bd7 {[%emt 0:00:03]} 34. Rxd8 {[%emt 0:00:02]} Nxd8 {[%emt 0:00:00]} 35. Be7 {[%emt 0:00:03]} Nc6 {[%emt 0:00:01]} 36. Bd6 {[%emt 0:00:02]} Qd3 {[%emt 0:00:04]} 37. Be5 {[%emt 0:00:01]} g5 {[%emt 0:00:02]} 38. fxg5 {[%emt 0:00:03]} Qe4 {[%emt 0:00:02]} 39. gxh6 {[%emt 0:00:04]} Qg4 {[%emt 0:00:01]} 40. Qxg4 {[%emt 0:00:03]} fxg4 {[%emt 0:00:01]} 41. Bf4 {[%emt 0:00:01]} Be8 {[%emt 0:00:02]} 42. Ng3 {[%emt 0:00:02]} b5 {[%emt 0:00:01]} 43. Ne4 {[%emt 0:00:01]} b4 {[%emt 0:00:01]} 44. Nc5 {[%emt 0:00:01]} b3 {[%emt 0:00:01]} 45. Nxb3 {[%emt 0:00:01]} Bg6 {[%emt 0:00:01]} 46. Nc5 {[%emt 0:00:01]} Nb4 {[%emt 0:00:01]} 47. Nxe6 {[%emt 0:00:02]} Bf5 {[%emt 0:00:01]} 48. Nf8+ {[%emt 0:00:01]} Kg8 {[%emt 0:00:01]} 49. h7+ {[%emt 0:00:01]} Bxh7 {[%emt 0:00:01]} 50. Nxh7 {[%emt 0:00:02]} Kxh7 {[%emt 0:00:00]} 51. h3 {[%emt 0:00:01]} gxh3 {[%emt 0:00:02]} 52. gxh3 {[%emt 0:00:01]} Nd5 {[%emt 0:00:02]} 53. Kf2 {[%emt 0:00:01]} Kg6 {[%emt 0:00:01]} 54. Kf3 {[%emt 0:00:01]} Kf5 {[%emt 0:00:02]} 55. e4+ {[%emt 0:00:01]} 1-0

[Event "GER-chW Blitz 2019"]
[Site "Magdeburg"]
[Date "2019.05.25"]
[Round "1.12"]
[White "Kushka, Alena"]
[Black "Schulze, Lara"]
[Result "0-1"]
[WhiteElo "2148"]
[BlackElo "2160"]
[Annotator "ChessBase"]
[PlyCount "128"]
[EventDate "2019.05.25"]
[EventType "tourn"]
[EventCountry "GER"]
[SourceTitle "playchess.com"]
[Source "ChessBase"]
[SourceQuality "1"]
[TimeControl "180+2"]

1. d4 {[%emt 0:00:00]} Nf6 {[%emt 0:00:00]} 2. c4 {[%emt 0:00:01]} e6 {[%emt 0:00:00]} 3. Nc3 {[%emt 0:00:01]} Bb4 {[%emt 0:00:01]} 4. f3 {[%emt 0:00:01]} c5 {[%emt 0:00:06]} 5. d5 {[%emt 0:00:01]} b5 {[%emt 0:00:09]} 6. e4 {[%emt 0:00:03]} bxc4 {[%emt 0:00:24]} 7. Bxc4 {[%emt 0:00:01]} O-O {[%emt 0:00:12]} 8. Nge2 {[%emt 0:00:13]} exd5 {[%emt 0:00:05]} 9. exd5 {[%emt 0:00:16]} d6 {[%emt 0:00:19]} 10. O-O {[%emt 0:00:04]} Ba6 {[%emt 0:00:05]} 11. Bxa6 {[%emt 0:00:07]} Nxa6 {[%emt 0:00:01]} 12. Bg5 {[%emt 0:00:03]} h6 {[%emt 0:00:19]} 13. Bh4 {[%emt 0:00:00]} Nc7 {[%emt 0:00:19]} 14. a3 {[%emt 0:00:26]} Ba5 {[%emt 0:00:01]} 15. Qa4 {[%emt 0:00:14]} Bb6 {[%emt 0:00:01]} 16. Rad1 {[%emt 0:00:10]} Nce8 {[%emt 0:00:12]} 17. Ne4 {[%emt 0:00:12]} g5 {[%emt 0:00:11]} 18. Bg3 {[%emt 0:00:03]} Nxe4 {[%emt 0:00:15]} 19. fxe4 {[%emt 0:00:10]} Qe7 {[%emt 0:00:06]} 20. Nc3 {[%emt 0:00:08]} Ng7 {[%emt 0:00:09]} 21. Nb5 {[%emt 0:00:10]} Rad8 {[%emt 0:00:01]} 22. Rde1 {[%emt 0:00:10]} f6 {[%emt 0:00:02]} 23. Kh1 {[%emt 0:00:06]} Nh5 {[%emt 0:00:04]} 24. Rf3 {[%emt 0:00:12]} Nxg3+ {[%emt 0:00:08]} 25. Rxg3 {[%emt 0:00:02]} c4 {[%emt 0:00:06]} 26. Rf3 {[%emt 0:00:09]} Rc8 {[%emt 0:00:05]} 27. Qd1 {[%emt 0:00:08]} Qe5 {[%emt 0:00:03]} 28. Qc2 {[%emt 0:00:05]} a6 {[%emt 0:00:03]} 29. Rf5 {[%emt 0:00:04]} Qe7 {[%emt 0:00:05]} 30. Nc3 {[%emt 0:00:03]} Bd4 {[%emt 0:00:03]} 31. Ne2 {[%emt 0:00:05]} Be5 {[%emt 0:00:01]} 32. Ref1 {[%emt 0:00:02]} Rb8 {[%emt 0:00:03]} 33. Nc3 {[%emt 0:00:01]} Rfe8 {[%emt 0:00:06]} 34. Qe2 {[%emt 0:00:02]} Rb3 {[%emt 0:00:04]} 35. Qh5 {[%emt 0:00:10]} Kg7 {[%emt 0:00:00]} 36. Rxe5 {[%emt 0:00:09]} dxe5 {[%emt 0:00:04]} 37. Ne2 {[%emt 0:00:01]} Qf7 {[%emt 0:00:11]} 38. Qg4 {[%emt 0:00:01]} Qg6 {[%emt 0:00:03]} 39. Ng3 {[%emt 0:00:01]} Rxg3 {[%emt 0:00:01]} 40. hxg3 {[%emt 0:00:02]} Qf7 {[%emt 0:00:03]} 41. Rd1 {[%emt 0:00:02]} Rd8 {[%emt 0:00:01]} 42. d6 {[%emt 0:00:02]} Qd7 {[%emt 0:00:01]} 43. Qe2 {[%emt 0:00:04]} Qc6 {[%emt 0:00:01]} 44. Qd2 {[%emt 0:00:07]} Qxe4 {[%emt 0:00:02]} 45. d7 {[%emt 0:00:01]} Qc6 {[%emt 0:00:01]} 46. Kh2 {[%emt 0:00:07]} e4 {[%emt 0:00:02]} 47. Qd4 {[%emt 0:00:03]} h5 {[%emt 0:00:03]} 48. Kg1 {[%emt 0:00:07]} Kg6 {[%emt 0:00:01]} 49. Qd6 {[%emt 0:00:01]} Qxd6 {[%emt 0:00:02]} 50. Rxd6 {[%emt 0:00:01]} Kf7 {[%emt 0:00:01]} 51. Kf2 {[%emt 0:00:02]} Ke7 {[%emt 0:00:01]} 52. Rxa6 {[%emt 0:00:01]} Rxd7 {[%emt 0:00:01]} 53. Ke3 {[%emt 0:00:01]} f5 {[%emt 0:00:02]} 54. Ra5 {[%emt 0:00:01]} Rd3+ {[%emt 0:00:02]} 55. Ke2 {[%emt 0:00:02]} Ke6 {[%emt 0:00:02]} 56. Ra6+ {[%emt 0:00:01]} Rd6 {[%emt 0:00:09]} 57. Rxd6+ {[%emt 0:00:04]} Kxd6 {[%emt 0:00:00]} 58. Ke3 {[%emt 0:00:01]} Ke5 {[%emt 0:00:04]} 59. a4 {[%emt 0:00:02]} f4+ {[%emt 0:00:01]} 60. gxf4+ {[%emt 0:00:01]} gxf4+ {[%emt 0:00:01]} 61. Kd2 {[%emt 0:00:03]} Kd4 {[%emt 0:00:01]} 62. a5 {[%emt 0:00:04]} Kc5 {[%emt 0:00:03]} 63. Kc3 {[%emt 0:00:01]} e3 {[%emt 0:00:04]} 64. Kc2 {[%emt 0:00:09]} Kb5 {[%emt 0:00:01]} 0-1

[Event "GER-chW Blitz 2019"]
[Site "Magdeburg"]
[Date "2019.05.25"]
[Round "2.1"]
[White "Roesler, Hannah Clara Hed"]
[Black "Schulze, Lara"]
[Result "0-1"]
[WhiteElo "1619"]
[BlackElo "2160"]
[Annotator "NA"]
[PlyCount "47"]
[EventDate "2019.05.25"]
[EventType "tourn"]
[EventCountry "GER"]
[SourceTitle "playchess.com"]
[Source "ChessBase"]
[SourceQuality "1"]
[TimeControl "180+2"]

1. e4 {[%emt 0:00:00]} e6 {[%emt 0:00:00]} 2. d4 {[%emt 0:00:01]} d5 {[%emt 0:00:00]} 3. e5 {[%emt 0:00:02]} c5 {[%emt 0:00:02]} 4. c3 {[%emt 0:00:01]} Nc6 {[%emt 0:00:01]} 5. Nf3 {[%emt 0:00:00]} Bd7 {[%emt 0:00:01]} 6. Bd3 {[%emt 0:00:06]} Rc8 {[%emt 0:00:08]} 7. O-O {[%emt 0:00:17]} cxd4 {[%emt 0:00:01]} 8. cxd4 {[%emt 0:00:02]} Nb4 {[%emt 0:00:00]} 9. Nc3 {[%emt 0:00:28]} Nxd3 {[%emt 0:00:05]} 10. Qxd3 {[%emt 0:00:04]} Ne7 {[%emt 0:00:04]} 11. Bg5 {[%emt 0:00:23]} h6 {[%emt 0:00:10]} 12. Bh4 {[%emt 0:00:12]} Qb6 {[%emt 0:00:21]} 13. Rac1 {[%emt 0:00:16]} Nf5 {[%emt 0:00:36]} 14. a4 {[%emt 0:00:35]} Bb4 {[%emt 0:00:29]} 15. Nb5 {[%emt 0:00:10]} O-O {[%emt 0:00:23]} 16. Bg3 {[%emt 0:00:24]} a6 {[%emt 0:00:09]} 17. Nc3 {[%emt 0:00:09]} Bxc3 {[%emt 0:00:09]} 18. bxc3 {[%emt 0:00:04]} Bxa4 {[%emt 0:00:08]} 19. Rfe1 {[%emt 0:00:07]} Bb5 {[%emt 0:00:02]} 20. Rb1 {[%emt 0:00:08]} Qc6 {[%emt 0:00:06]} 21. Qd2 {[%emt 0:00:07]} Qxc3 {[%emt 0:00:04]} 22. Qxc3 {[%emt 0:00:04]} Rxc3 {[%emt 0:00:01]} 23. Nd2 {[%emt 0:00:02]} Nxd4 {[%emt 0:00:05]} 24. Kh1 0-1

[Event "GER-chW Blitz 2019"]
[Site "Magdeburg"]
[Date "2019.05.25"]
[Round "2.2"]
[White "Braje, Monika"]
[Black "Kushka, Alena"]
[Result "0-1"]
[WhiteElo "1781"]
[BlackElo "2148"]
[Annotator "NA"]
[PlyCount "54"]
[EventDate "2019.05.25"]
[EventType "tourn"]
[EventCountry "GER"]
[SourceTitle "playchess.com"]
[Source "ChessBase"]
[SourceQuality "1"]
[TimeControl "180+2"]

1. e4 {[%emt 0:00:00]} c5 {[%emt 0:00:00]} 2. d4 {[%emt 0:00:01]} cxd4 3. c3 d5 {[%emt 0:00:07]} 4. exd5 {[%emt 0:00:03]} Qxd5 {[%emt 0:00:01]} 5. Nf3 {[%emt 0:00:02]} Nf6 {[%emt 0:00:07]} 6. Qxd4 {[%emt 0:00:07]} Nc6 {[%emt 0:00:09]} 7. Qxd5 {[%emt 0:00:03]} Nxd5 {[%emt 0:00:01]} 8. Bc4 {[%emt 0:00:01]} Nb6 9. Bb3 {[%emt 0:00:01]} Bg4 {[%emt 0:00:10]} 10. Ng5 {[%emt 0:00:10]} e6 {[%emt 0:00:10]} 11. O-O {[%emt 0:00:04]} h6 {[%emt 0:00:04]} 12. Ne4 {[%emt 0:00:01]} O-O-O {[%emt 0:00:05]} 13. f3 {[%emt 0:00:05]} Bf5 {[%emt 0:00:07]} 14. Ng3 {[%emt 0:00:03]} Bc5+ {[%emt 0:00:08]} 15. Kh1 {[%emt 0:00:01]} Bd3 {[%emt 0:00:04]} 16. Rd1 {[%emt 0:00:09]} a5 {[%emt 0:00:06]} 17. a4 {[%emt 0:00:07]} Bc4 {[%emt 0:00:45]} 18. Bc2 {[%emt 0:00:05]} Rxd1+ {[%emt 0:00:02]} 19. Bxd1 {[%emt 0:00:00]} Rd8 {[%emt 0:00:03]} 20. Bc2 {[%emt 0:00:02]} Bd3 {[%emt 0:00:07]} 21. Bb3 {[%emt 0:00:07]} Nc4 {[%emt 0:00:15]} 22. Nd2 {[%emt 0:00:11]} N6e5 {[%emt 0:00:10]} 23. Nge4 {[%emt 0:00:10]} Be7 {[%emt 0:00:10]} 24. Kg1 {[%emt 0:00:07]} f5 {[%emt 0:00:01]} 25. Nf2 {[%emt 0:00:10]} Bc5 {[%emt 0:00:05]} 26. Bxc4 {[%emt 0:00:07]} Nxc4 {[%emt 0:00:08]} 27. Nb3 {[%emt 0:00:02]} Ba7 {[%emt 0:00:04] Nxd3 [%clk 0:01:53]} 0-1

[Event "GER-chW Blitz 2019"]
[Site "Magdeburg"]
[Date "2019.05.25"]
[Round "2.3"]
[White "Mader, Lena"]
[Black "Ries, Jutta"]
[Result "0-1"]
[WhiteElo "1839"]
[BlackElo "2017"]
[Annotator "NA"]
[PlyCount "63"]
[EventDate "2019.05.25"]
[EventType "tourn"]
[EventCountry "GER"]
[SourceTitle "playchess.com"]
[Source "ChessBase"]
[SourceQuality "1"]
[TimeControl "180+2"]

1. c4 {[%emt 0:00:00]} Nf6 {[%emt 0:00:00]} 2. Nc3 {[%emt 0:00:00]} c5 {[%emt 0:00:05]} 3. g3 Nc6 {[%emt 0:00:01]} 4. Bg2 {[%emt 0:00:00]} g6 {[%emt 0:00:04]} 5. Nf3 {[%emt 0:00:02]} Bg7 {[%emt 0:00:01]} 6. O-O {[%emt 0:00:01]} O-O 7. Rb1 b6 {[%emt 0:00:21]} 8. a3 {[%emt 0:00:02]} Bb7 {[%emt 0:00:01]} 9. b4 {[%emt 0:00:03]} d6 {[%emt 0:00:21]} 10. b5 {[%emt 0:00:28]} Nd4 {[%emt 0:00:14]} 11. Bb2 {[%emt 0:00:23]} Nxf3+ {[%emt 0:00:05]} 12. Bxf3 {[%emt 0:00:01]} Bxf3 {[%emt 0:00:02]} 13. exf3 {[%emt 0:00:01]} d5 {[%emt 0:00:05]} 14. d3 {[%emt 0:00:17]} d4 {[%emt 0:00:05]} 15. Ne4 {[%emt 0:00:06]} Qd7 {[%emt 0:00:04]} 16. Kg2 {[%emt 0:00:08]} Ne8 {[%emt 0:00:28]} 17. Bc1 {[%emt 0:00:15]} e5 {[%emt 0:00:04]} 18. a4 {[%emt 0:00:26]} f5 {[%emt 0:00:10]} 19. Ng5 {[%emt 0:00:07]} h6 {[%emt 0:00:03]} 20. Nh3 {[%emt 0:00:01]} Nd6 {[%emt 0:00:07]} 21. Re1 {[%emt 0:00:30]} Rf7 {[%emt 0:00:19]} 22. Rb2 {[%emt 0:00:06]} g5 {[%emt 0:00:04]} 23. Ng1 {[%emt 0:00:02]} Raf8 {[%emt 0:00:09]} 24. a5 {[%emt 0:00:26]} e4 {[%emt 0:00:01]} 25. dxe4 {[%emt 0:00:02]} fxe4 {[%emt 0:00:10]} 26. fxe4 {[%emt 0:00:05]} Nxc4 {[%emt 0:00:02]} 27. Rbe2 {[%emt 0:00:07]} Nxa5 {[%emt 0:00:14]} 28. e5 {[%emt 0:00:01]} Qb7+ {[%emt 0:00:09]} 29. f3 {[%emt 0:00:08]} g4 {[%emt 0:00:02]} 30. Rf1 {[%emt 0:00:06]} gxf3+ {[%emt 0:00:01]} 31. Nxf3 {[%emt 0:00:03]} Rxf3 {[%emt 0:00:04]} 32. Kh3 0-1